| 000 | 01653cab a22003015a 4500 | ||
|---|---|---|---|
| 001 | L146406 | ||
| 008 | 090116s2008 xxk f 000 0 eng d | ||
| 035 | _a(Sirsi) u146406 | ||
| 041 | 0 | _aeng | |
| 100 | 1 | _aSalmon, Kenneth T. | |
| 245 | 0 | 4 |
_aThe enforcement of adjudicators' awards under the Housing Grants Construction and Regeneration Act 1996 _bpart 29 |
| 260 | _c2008 | ||
| 490 | 0 |
_aArbitration _v74(4) 2008, 453-457(5) |
|
| 520 | _aProvides commentary on cases which reached the court of enforcement of adjudicator's awards under the Housing Grants Construction Regeneration Act 1996, mainly during 2008. Highlights issues around jurisdiction, the right or obligation to adjudication, natural justice, stay, withholding from payment and set-off against decision. Concludes that the number of cases reaching the court fell during 2008. | ||
| 590 | _aKA | ||
| 650 | 2 | 4 | _aHOUSING GRANTS, CONSTRUCTION AND REGENERATION ACT 1996 |
| 650 | 2 | 4 | _aCUBITT BUILDING AND INTERIORS LTD V RICHARDSON ROOFING (INDUSTRIAL) LTD |
| 650 | 2 | 4 | _aEDEBBOOTH LTD V CRE8DEVELOPMENTS LTD |
| 650 | 2 | 4 | _aAVONCROFT CONSTRUCTION LTD V SHARBA HOMES (CN) LTD |
| 650 | 2 | 4 | _aBRAMMALL AND OGDEN LTD V SHEFFIELD CITY COUNCIL |
| 650 | 2 | 4 | _aBALFOUR BEATTY CONSTRUCTION V SERCO LTD |
| 650 | 2 | 4 | _aINTERSERVE INDUSTRIAL SERVICES LTD V CLEVELAND BRIDGE UK LTD |
| 650 | 2 | 4 | _aWIMBLEDON CONSTRUCTION CO 2000 LTD V VAGO |
| 651 | 4 |
_aEngland and Wales _y1543- |
|
| 690 | _aMANAGEMENT-DISPUTE AVOIDANCE, MANAGEMENT AND RESOLUTION-DISPUTE MANAGEMENT AND RESOLUTION-ARBITRATION | ||
| 690 | _aMANAGEMENT AND RESOLUTION-ALTERNATIVE DISPUTE RESOLUTION-ADJUDICATION | ||
| 942 | _n0 | ||
| 999 |
_c81139 _d81139 |
||